Disability discrimination : the law and practice. (Record no. 100938)

MARC details
000 -LEADER
fixed length control field 00561cam a2200217 4500
008 - FIXED-LENGTH DATA ELEMENTS--GENERAL INFORMATION
fixed length control field 000000n1996 000 0 eng u
020 ## - INTERNATIONAL STANDARD BOOK NUMBER
International Standard Book Number 0752002813
035 ## - SYSTEM CONTROL NUMBER
System control number (Sirsi) u109414
050 ## - LIBRARY OF CONGRESS CALL NUMBER
Classification number 346.41013
100 ## - MAIN ENTRY--PERSONAL NAME
Personal name O'Dempsey, Declan
245 ## - TITLE STATEMENT
Title Disability discrimination : the law and practice.
260 ## - PUBLICATION, DISTRIBUTION, ETC.
Place of publication, distribution, etc. London
Name of publisher, distributor, etc. FT Law & Tax
Date of publication, distribution, etc. 1996
300 ## - PHYSICAL DESCRIPTION
Extent 373p.; 24cm.
350 ## - PRICE (NR) (BK AM CF MU VM SE) [OBSOLETE]
Price 42.95
650 ## - SUBJECT ADDED ENTRY--TOPICAL TERM
Topical term or geographic name entry element DISABILITY DISCRIMINATION ACT 1995
650 ## - SUBJECT ADDED ENTRY--TOPICAL TERM
Topical term or geographic name entry element ACCESS
650 ## - SUBJECT ADDED ENTRY--TOPICAL TERM
Topical term or geographic name entry element EMPLOYMENT
690 ## - LOCAL SUBJECT ADDED ENTRY--TOPICAL TERM (OCLC, RLIN)
Topical term or geographic name as entry element LAW-UK
700 ## - ADDED ENTRY--PERSONAL NAME
Personal name Short, Andrew
942 ## - ADDED ENTRY ELEMENTS (KOHA)
Suppress in OPAC 0
Holdings
Withdrawn status Lost status Source of classification or shelving scheme Damaged status Not for loan Home library Current library Shelving location Date acquired Cost, normal purchase price Total Checkouts Full call number Barcode Date last seen Date last checked out Copy number Cost, replacement price Price effective from Koha item type
    Dewey Decimal Classification     London London Books 21/11/2000 42.95 10 346.41013 30051786 06/08/2019 14/05/2007 1 42.95 06/08/2019 Book